|
|
|
|
| LEADER |
00000nab a2200000 a 4500 |
| 001 |
vtls008297408 |
| 003 |
SK-MaSNL |
| 005 |
20260303094737.0 |
| 008 |
160405c2005 xo zr|p|||||||000 b|slo |
| 015 |
|
|
|a SNBRB2005/09
|2 snkbucl
|
| 038 |
|
|
|a SNKBUCL
|
| 040 |
|
|
|a SNKBUCL
|b slo
|c SNKBUCL
|e AACR2
|
| 041 |
0 |
|
|a slo
|
| 044 |
|
|
|a xo
|c SK
|
| 080 |
|
|
|a 72:061.65
|x (430)
|2 1997
|
| 080 |
|
|
|a 72.022.8
|x (430)
|2 1997
|
| 100 |
1 |
|
|a Petránsky, Ľudovít,
|d 1943-2021
|4 ivr
|4 aut
|9 92780
|
| 245 |
1 |
0 |
|a Architektúra nie je exhibíciou, ale zodpovednosťou
|c Ľudo Petránsky
|
| 300 |
|
|
|b Fotogr.
|
| 600 |
1 |
7 |
|a Quick, Susanne
|2 snkbucl
|9 1107324
|
| 600 |
1 |
7 |
|a Bäckman, Michael
|2 snkbucl
|9 1107325
|
| 600 |
1 |
7 |
|a Rolvien, Henner
|2 snkbucl
|9 1107326
|
| 610 |
2 |
7 |
|a QBQ & Partner (architektonická kancelária : Nemecko)
|2 snkbucl
|9 1107327
|
| 650 |
0 |
7 |
|a architektonické ateliéry
|2 snkbucl
|9 31801
|
| 773 |
0 |
|
|t ASB
|g Roč. XII, č. 4 (2005), s. 49-50
|x 1335-1230
|
| 852 |
|
|
|a SNK
|b KIS3GCP
|
| 958 |
|
|
|a DE
|
| 999 |
|
|
|c 1822321
|d 1824251
|